| 000 | 01021cam a2200313Ia 4500 | ||
|---|---|---|---|
| 001 | 40387 | ||
| 005 | 20230410115852.0 | ||
| 008 | 811105s1973 ag b 000 0 spa d | ||
| 035 | _a(OCoLC)ocm07909680 | ||
| 040 |
_aHLS _cHLS _dOCLCQ |
||
| 041 | 1 |
_aspa _hfre |
|
| 043 | _aa-is--- | ||
| 050 | 1 | 4 |
_aHN 761 _bP197 1973 |
| 082 | 0 | 0 | _a956.94 |
| 245 | 0 | 0 |
_aPanteras negras de Israel / _cpresentación de Mony Elkaim ; [traducción, Victor Goldstein]. |
| 260 |
_aBuenos Aires : _bEdiciones de la Flor, _cc1973. |
||
| 300 |
_a147 p. ; _c20 cm. |
||
| 500 | _aTítulo original: Pantheres noires d'Israel. | ||
| 504 | _aIncludes bibliographical references. | ||
| 610 | 2 | 0 | _aPanterim ha-shehorim. |
| 650 | 0 |
_aRadicalism _zIsrael. |
|
| 650 | 0 |
_aJews, Oriental _zIsrael. |
|
| 650 | 4 |
_aJudíos _xCondiciones políticas y sociales _zIsrael. |
|
| 650 | 4 |
_aNegros _xCondiciones sociales _zIsrael. |
|
| 651 | 4 |
_aIsrael _xCondiciones políticas y sociales. |
|
| 700 | 1 | _aElkaim, Mony. | |
| 942 |
_2lcc _cbk |
||
| 994 |
_aC0 _bDRFGD |
||
| 999 |
_c49511 _d49511 |
||